[Event "Titled Tue 17th Jun Early"]
[Site "chess.com INT"]
[Date "2025.06.17"]
[Round "2"]
[White "Terron Elena, Francisco M."]
[Black "Hungaski, Robert"]
[Result "1/2-1/2"]
[WhiteTitle "FM"]
[BlackTitle "GM"]
[WhiteElo "2148"]
[BlackElo "2477"]
[WhiteFideId "2210576"]
[BlackFideId "2021030"]
[EventDate "2025.06.17"]

1. e4 e6 2. d4 d5 3. Nc3 Bb4 4. Ne2 Nf6 5. Bg5 dxe4 6. a3 Be7 7. Bxf6 Bxf6 8.
Nxe4 Nc6 9. Qd3 Bxd4 10. O-O-O Be5 11. Qe3 Qe7 12. f4 Bf6 13. N2g3 Bd7 14. Nh5
O-O-O 15. Nhxf6 gxf6 16. Nc5 Be8 17. Bc4 Rd6 18. Ne4 Rxd1+ 19. Rxd1 f5 20. Nc5
Nd8 21. Nd3 Kb8 22. Ne5 Nc6 23. Kb1 Rg8 24. g3 a6 25. Qc3 Qc5 26. b4 Qf2 27.
Nxc6+ Bxc6 28. Bxa6 Qxh2 29. Bd3 Qxg3 30. b5 Be4 31. b6 Bxd3 32. bxc7+ Kc8 33.
Rxd3 Qxf4 34. Qa5 Rg1+ 35. Ka2 Qxc7 36. Qa8+ Qb8 37. Rd8+ Kxd8 38. Qxb8+ Ke7 39.
Qxb7+ Kf6 40. Qf3 Rg4 41. Kb3 h5 42. a4 h4 43. a5 Rg3 44. Qxg3 hxg3 45. a6 g2
46. a7 g1=Q 47. a8=Q Qb6+ 48. Kc3 Qe3+ 49. Kb2 f4 50. Qh8+ Ke7 51. Qh4+ Kd7 52.
Qf6 f3 53. Qxf7+ Kd6 54. Qf8+ Ke5 55. Qg7+ Kf4 56. Qh6+ Ke4 57. Qxe6+ Kd4 58.
Qb6+ Ke4 59. Qe6+ Kf4 60. Qh6+ Ke4 61. Qe6+ 1/2-1/2

[Event "Titled Tue 17th Jun Early"]
[Site "chess.com INT"]
[Date "2025.06.17"]
[Round "2"]
[White "Chernyavsky, Alexander"]
[Black "Dehtiarov, Roman"]
[Result "0-1"]
[WhiteTitle "FM"]
[BlackTitle "FM"]
[WhiteElo "2332"]
[BlackElo "2416"]
[WhiteFideId "24131156"]
[BlackFideId "14186640"]
[EventDate "2025.06.17"]

1. d4 Nf6 2. c4 e6 3. Nc3 Bb4 4. e3 b6 5. Ne2 Bb7 6. a3 Be7 7. d5 exd5 8. cxd5
O-O 9. g3 Re8 10. Bg2 d6 11. O-O Bf8 12. b4 Nbd7 13. Bb2 Ne5 14. Rc1 h5 15. Nb5
Re7 16. Nf4 g6 17. h4 Ba6 18. a4 Bxb5 19. axb5 Nfg4 20. Ra1 Bg7 21. Qe2 Qe8 22.
Ra2 Bh6 23. Rfa1 Nxf2 24. Qxf2 Ng4 25. Qd2 Rxe3 26. Qd4 Re5 27. Rf1 Qxb5 28.
Raa1 Rae8 29. Kh1 Bg7 30. Nd3 a6 31. Nxe5 Bxe5 32. Qd2 Bxb2 33. Qxb2 Qd3 34. Ra3
Qc4 35. Raf3 f5 36. Bh3 Re2 37. Bxg4 Rxb2 38. Bxf5 gxf5 39. Rxf5 Qe4+ 40. R1f3
Qe1+ 41. Rf1 Qe4+ 42. R1f3 Rf2 43. Rg5+ Kh7 44. Rxh5+ Kg6 45. Rg5+ Kh6 0-1

[Event "Titled Tue 17th Jun Early"]
[Site "chess.com INT"]
[Date "2025.06.17"]
[Round "2"]
[White "Lopez Del Alamo, Antonio"]
[Black "Sahbudak, Baris Cinar"]
[Result "0-1"]
[WhiteTitle "FM"]
[BlackTitle "CM"]
[WhiteElo "2166"]
[BlackElo "2072"]
[WhiteFideId "2227339"]
[BlackFideId "26351633"]
[EventDate "2025.06.17"]

1. e4 c5 2. Nf3 d6 3. d4 cxd4 4. Nxd4 Nf6 5. Nc3 a6 6. Be2 e5 7. Nb3 Be6 8. Be3
Be7 9. Nd5 Bxd5 10. exd5 O-O 11. c4 Nbd7 12. O-O Qc7 13. f3 Rfc8 14. Qd2 Rab8
15. Na5 Bd8 16. b4 Nf8 17. Rfd1 Qd7 18. Nb3 b6 19. a4 Qb7 20. Ra3 N8d7 21. Rb1
Ra8 22. a5 b5 23. cxb5 Nxd5 24. b6 Nxe3 25. Qxe3 d5 26. Nc5 Nxc5 27. bxc5 Be7
28. Rc1 Qc6 29. Qxe5 Bxc5+ 30. Kf1 Re8 31. Qc3 Rxe2 32. Qxc5 Qe6 33. Rd3 Re8 34.
Rdd1 Qg6 35. Qg1 d4 36. Rxd4 Qf6 37. Rdd1 Qb2 38. Qd4 Qb5 39. Qd3 Re1+ 40. Kf2
R8e2+ 41. Qxe2 Qxe2+ 42. Kg3 Qe5+ 43. Kf2 Qe2+ 44. Kg3 Qe5+ 45. Kf2 Re2+ 46. Kf1
Qb5 47. Rd8+ Re8+ 48. Kf2 Rxd8 49. Rd1 Qb2+ 50. Kg3 Rxd1 51. b7 Rd5 52. b8=Q+
Qxb8+ 0-1

[Event "Titled Tue 17th Jun Early"]
[Site "chess.com INT"]
[Date "2025.06.17"]
[Round "2"]
[White "So, Wesley"]
[Black "Seder, Mohammed"]
[Result "1-0"]
[WhiteTitle "GM"]
[BlackTitle "FM"]
[WhiteElo "2745"]
[BlackElo "2075"]
[WhiteFideId "5202213"]
[BlackFideId "11505567"]
[EventDate "2025.06.17"]

1. b3 Nf6 2. Bb2 g6 3. c4 Bg7 4. g3 O-O 5. Bg2 c6 6. Nf3 d5 7. O-O Bf5 8. Nc3 a5
9. Rc1 Ne4 10. d3 Nxc3 11. Bxc3 d4 12. Bb2 e5 13. Nh4 Bg4 14. f4 exf4 15. Rxf4
Qd7 16. Qe1 Bh6 17. Qf2 Re8 18. Rxd4 Be3 19. Rxd7 Bxf2+ 20. Kxf2 Rxe2+ 21. Kf1
Nxd7 22. Rb1 Rae8 23. h3 Bf5 24. Nxf5 gxf5 25. d4 a4 26. d5 axb3 27. axb3 Nc5
28. dxc6 bxc6 29. Bxc6 R8e6 30. Bd5 Re8 31. Bc6 R8e6 32. Bd5 Re8 33. b4 Nd3 34.
Bc3 Rf2+ 35. Kg1 Rc2 36. Ba1 Nxb4 37. Bf3 Nd3 38. Bd5 f4 39. g4 Ne5 40. Bxe5
Rxe5 41. Rf1 Re3 42. Rxf4 Rg3+ 43. Kf1 Rxh3 44. Rxf7 Rh1+ 45. Bxh1 Kxf7 46. Be4
Kf6 47. Bxc2 h6 48. Kf2 Ke5 49. Kg3 Kd4 50. Kh4 Kxc4 51. Kh5 Kd5 52. Kxh6 Ke6
53. g5 Kf7 54. g6+ Kg8 55. Bd3 Kh8 56. g7+ Kg8 57. Bh7+ 1-0

[Event "Titled Tue 17th Jun Early"]
[Site "chess.com INT"]
[Date "2025.06.17"]
[Round "2"]
[White "Baziuk, Vladyslav"]
[Black "Khafizova, Diana"]
[Result "1-0"]
[BlackTitle "WFM"]
[WhiteElo "2247"]
[BlackElo "2075"]
[WhiteFideId "34107940"]
[BlackFideId "34378049"]
[EventDate "2025.06.17"]

1. e4 d6 2. d4 Nf6 3. Nc3 c6 4. Nf3 Nbd7 5. a4 e5 6. Bc4 Be7 7. Bxf7+ Kxf7 8.
Ng5+ Kg8 9. Ne6 Qa5 10. Bd2 Qb6 11. a5 Qxb2 12. Rb1 Qa3 13. Rb3 Qxa5 14. Nd5 Qa4
15. Nxe7+ Kf7 16. Nxc8 Kxe6 17. dxe5 dxe5 18. Bb4 Re8 19. Nd6 c5 20. Ba3 Red8
21. O-O Nf8 22. Rd3 c4 23. Nxc4 Rxd3 24. cxd3 Qxd1 25. Rxd1 N8d7 26. Rb1 b6 27.
Bb2 Rc8 28. Kf1 b5 29. Ne3 a6 30. Ke2 Nc5 31. Ba3 Na4 32. Bb4 Nc3+ 33. Bxc3 Rxc3
34. Ra1 Rc6 35. Kd2 g6 36. Nc2 Nd7 37. Nb4 Rd6 38. Rxa6 Nc5 39. Rxd6+ Kxd6 40.
Kc3 Ke6 41. Nc2 Kd6 42. Ne1 Kc6 43. f3 Na6 44. Nc2 Kc5 45. g3 b4+ 46. Kb3 Kb5
47. d4 exd4 48. Nxd4+ Kc5 49. Nc2 Kb5 50. Nd4+ Kc5 51. Ne6+ Kb5 52. f4 Nc5+ 53.
Nxc5 Kxc5 54. f5 gxf5 55. exf5 Kd5 56. g4 Ke5 57. Kxb4 h6 58. h3 h5 59. Kc5 1-0

[Event "Titled Tue 17th Jun Early"]
[Site "chess.com INT"]
[Date "2025.06.17"]
[Round "2"]
[White "Sarveshwaran V"]
[Black "Grandelius, Nils"]
[Result "1/2-1/2"]
[WhiteTitle "CM"]
[BlackTitle "GM"]
[WhiteElo "2290"]
[BlackElo "2643"]
[WhiteFideId "25699016"]
[BlackFideId "1710400"]
[EventDate "2025.06.17"]

1. e4 c6 2. d4 d5 3. e5 c5 4. c3 cxd4 5. cxd4 Nc6 6. Be2 Bf5 7. Nc3 e6 8. Nf3
Nge7 9. O-O Ng6 10. Be3 Be7 11. a3 O-O 12. b4 f6 13. exf6 Bxf6 14. Na4 e5 15.
dxe5 Ngxe5 16. Nxe5 Bxe5 17. Rc1 d4 18. Bc4+ Kh8 19. Bd2 Qh4 20. g3 Qh3 21. Bd5
d3 22. Bg2 Qg4 23. Qxg4 Bxg4 24. Nc5 Nd4 25. Nxd3 Bf6 26. Nf4 g5 27. Nd5 Bg7 28.
Kh1 Be2 29. Rfe1 Rxf2 30. Ne3 Re8 31. Bxb7 Bf3+ 32. Bxf3 Nxf3 33. Ng4 Rxe1+ 34.
Bxe1 Rf1+ 35. Kg2 Rg1+ 36. Kxf3 h5 37. Ne3 Bd4 38. Rc8+ Kh7 39. Bf2 Ra1 40. Rc7+
Kg6 41. Rc6+ Kf7 42. Rd6 Bb6 43. Rd7+ Ke6 44. Rg7 g4+ 45. Ke4 Ra2 46. Bg1 Rxa3
47. Rg6+ Kf7 48. Rh6 Ra1 49. Bf2 Ra2 50. Bg1 Ra1 51. Bf2 Ra2 52. Bg1 Ra1 1/2-1/2

[Event "Titled Tue 17th Jun Early"]
[Site "chess.com INT"]
[Date "2025.06.17"]
[Round "2"]
[White "Papasimakopoulos, Alexandros"]
[Black "Platzgummer, Fabian"]
[Result "1-0"]
[WhiteTitle "IM"]
[BlackTitle "IM"]
[WhiteElo "2366"]
[BlackElo "2293"]
[WhiteFideId "4244125"]
[BlackFideId "1617222"]
[EventDate "2025.06.17"]

1. d4 d5 2. c4 dxc4 3. e3 Be6 4. Nc3 c6 5. Nf3 h6 6. Ne5 Nf6 7. Nxc4 c5 8. Ne5
cxd4 9. Bb5+ Nfd7 10. Nxd7 Bxd7 11. Qxd4 Bxb5 12. Qxd8+ Kxd8 13. Nxb5 a6 14. Nd4
e5 15. Nf3 Nc6 16. Bd2 Bd6 17. Bc3 Ke7 18. e4 Rhd8 19. Ke2 b5 20. a3 f6 21. Rhd1
Rac8 22. Rd5 Ke6 23. Rad1 Ne7 24. R5d3 Bc7 25. Bb4 Nc6 26. Bc5 Rxd3 27. Rxd3 Rd8
28. Nh4 Rxd3 29. Kxd3 Kf7 30. Nf5 h5 31. Ne3 g6 32. Nd5 Bd8 33. b3 Ke6 34. a4
bxa4 35. bxa4 f5 36. f3 h4 37. Bf2 Bg5 38. Kc4 Kd7 39. Kc5 Bd8 40. h3 fxe4 41.
fxe4 Ba5 42. Bxh4 Nd4 43. Kc4 Ke6 44. Bf2 Ne2 45. g3 Nc1 46. Bb6 Be1 47. g4 Ne2
48. Be3 Ba5 49. Nb4 Bxb4 50. Kxb4 Ng3 51. Ka5 Nxe4 52. Kxa6 Nc3 53. a5 Kd7 54.
Kb7 Nd5 55. Bd2 Ne7 56. a6 Nc6 57. h4 e4 58. h5 gxh5 59. gxh5 Nd8+ 60. Kb6 Nf7
61. a7 Nd6 62. a8=Q Nc4+ 63. Kc5 Nxd2 64. Qd5+ Ke7 65. Qxd2 Kf6 66. Qf4+ Kg7 67.
Qxe4 Kh8 68. Qg4 Kh7 69. Qg5 Kh8 70. h6 Kh7 71. Qg7# 1-0

[Event "Titled Tue 17th Jun Early"]
[Site "chess.com INT"]
[Date "2025.06.17"]
[Round "2"]
[White "Caku, Kler"]
[Black "Dobre, Claudiu-Cristian"]
[Result "0-1"]
[WhiteTitle "WFM"]
[BlackTitle "IM"]
[WhiteElo "2010"]
[BlackElo "2287"]
[WhiteFideId "4704703"]
[BlackFideId "1211854"]
[EventDate "2025.06.17"]

1. e4 Nc6 2. Nc3 e5 3. Nf3 Nf6 4. Bb5 Nd4 5. Be2 d6 6. O-O Be7 7. d3 O-O 8. Be3
c5 9. Nd2 Be6 10. f4 exf4 11. Bxf4 Nxe2+ 12. Qxe2 Nd7 13. Nc4 Bxc4 14. dxc4 Re8
15. Rad1 Qb6 16. b3 Rad8 17. Nd5 Qa5 18. Nxe7+ Rxe7 19. Bxd6 Re6 20. Qf3 f6 21.
Qf5 Rde8 22. Rfe1 b6 23. Qd5 Kh8 24. Bf4 Nf8 25. Bd6 Ng6 26. Bc7 h6 27. Re2 Qxa2
28. Qd3 Qa6 29. Bg3 Qb7 30. Qd5 Qe7 31. Rde1 Ne5 32. h3 Rd8 33. Bxe5 Rxd5 34.
exd5 Rxe5 35. Rxe5 fxe5 36. Kf2 Kg8 37. Ke3 a5 38. Rf1 g6 39. Ke4 Kg7 40. Rf3
Qd6 41. Rf2 Qd7 42. Rf3 a4 43. Rf2 a3 44. c3 Qa7 45. Ra2 Kf6 46. Rf2+ Ke7 47.
Ra2 Kd6 48. Ke3 Qf7 49. Ke4 Qf4+ 50. Kd3 Qg3+ 51. Ke4 Qxc3 52. Rxa3 Qc2+ 53. Ke3
Qc1+ 54. Kf3 Qxa3 0-1

[Event "Titled Tue 17th Jun Early"]
[Site "chess.com INT"]
[Date "2025.06.17"]
[Round "2"]
[White "Arya G Mallar"]
[Black "Alikulov, Elbek"]
[Result "1-0"]
[WhiteTitle "WCM"]
[BlackTitle "IM"]
[WhiteElo "2000"]
[BlackElo "2305"]
[WhiteFideId "25115324"]
[BlackFideId "14203308"]
[EventDate "2025.06.17"]

1. d4 Nf6 2. c4 g6 3. Nf3 Bg7 4. g3 d6 5. Bg2 O-O 6. Nc3 c6 7. e4 e5 8. O-O Be6
9. dxe5 dxe5 10. Nxe5 Qxd1 11. Rxd1 Nxe4 12. Nxe4 Bxe5 13. Bh6 Re8 14. Rac1 Bxb2
15. Rb1 Bg7 16. Bxg7 Kxg7 17. Rxb7 Rf8 18. c5 Nd7 19. Rdxd7 Bxd7 20. Rxd7 a5 21.
Nd6 Ra6 22. Bf1 Raa8 23. Bc4 Rad8 24. Rc7 h6 25. Nxf7 Rd4 26. Nd6+ Kf6 27. Rxc6
Ke5 28. Bb5 Rb4 29. a4 Rf3 30. Nc4+ Kd4 31. Ne3 Rb2 32. Nd1 Rb1 33. Be2 Rc3 34.
Kg2 Rxc5 35. Rxg6 Rc2 36. Bf3 Rcc1 37. Ne3 Kc5 38. Rxh6 Kb4 39. Bc6 Rg1+ 40. Kf3
Rgc1 41. Bb5 Rb2 42. Rh4+ Ka3 43. Nc4+ Rxc4 44. Rxc4 Rb3+ 45. Kf4 Rb4 46. Rxb4
axb4 47. Bc4 Kxa4 48. h4 Ka5 49. h5 b3 50. Bxb3 Kb4 51. h6 1-0

[Event "Titled Tue 17th Jun Early"]
[Site "chess.com INT"]
[Date "2025.06.17"]
[Round "2"]
[White "Gubatayev, Ahmet"]
[Black "Cardozo Munar, Carlos Eduardo"]
[Result "1-0"]
[WhiteTitle "CM"]
[BlackTitle "FM"]
[WhiteElo "2191"]
[BlackElo "2052"]
[WhiteFideId "14004526"]
[BlackFideId "4409477"]
[EventDate "2025.06.17"]

1. Nf3 d5 2. d4 e6 3. g3 Nf6 4. Bg2 Nbd7 5. O-O Nb6 6. c4 Nxc4 7. Nc3 g6 8. Ne5
Nxe5 9. dxe5 Nd7 10. e4 c6 11. exd5 exd5 12. Re1 Nc5 13. h4 h5 14. Bg5 Be7 15.
Be3 Ne6 16. Qc2 d4 17. Rad1 c5 18. Nd5 dxe3 19. Nf6+ Bxf6 20. Rxd8+ Bxd8 21.
Rxe3 O-O 22. Bd5 Bb6 23. Rf3 Bd7 24. Rf6 Kg7 25. Be4 Nd4 26. Qd2 Bf5 27. Qe3
Bxe4 28. Qxe4 Rae8 29. f4 Re7 30. Qd5 Rd8 31. Rd6 Rxd6 32. Qxd6 Re8 33. Kg2 Rd8
34. Qf6+ Kg8 35. g4 hxg4 36. h5 gxh5 37. f5 Re8 38. Qg5+ Kf8 39. Qh6+ Kg8 40. f6
Ne6 41. Qxh5 Bc7 42. b3 Bxe5 43. Qxe5 b6 44. Kg3 Rd8 45. Kxg4 Rd4+ 46. Kf3 Rd3+
47. Ke2 Rd5 48. Qb8+ Kh7 49. Qxa7 Rd6 50. Qxf7+ Kh6 51. Qe7 Nd4+ 52. Kf1 Re6 53.
Qg7+ Kh5 54. f7 Re5 55. Qxe5+ 1-0

[Event "Titled Tue 17th Jun Early"]
[Site "chess.com INT"]
[Date "2025.06.17"]
[Round "2"]
[White "Ernst, Sipke"]
[Black "Pranesh, M"]
[Result "0-1"]
[WhiteTitle "GM"]
[BlackTitle "GM"]
[WhiteElo "2518"]
[BlackElo "2580"]
[WhiteFideId "1004689"]
[BlackFideId "35028600"]
[EventDate "2025.06.17"]

1. Nf3 Nf6 2. c4 b6 3. g3 Bb7 4. Bg2 g6 5. b3 Bg7 6. Bb2 O-O 7. O-O c5 8. Nc3 d5
9. Nxd5 Nxd5 10. Bxg7 Kxg7 11. cxd5 Bxd5 12. d4 Na6 13. dxc5 Nxc5 14. Qd4+ f6
15. Rfd1 Bxf3 16. Bxf3 Qxd4 17. Rxd4 Rad8 18. Rad1 Rxd4 19. Rxd4 e5 20. Rc4 Rd8
21. b4 Ne6 22. h4 Kf7 23. a4 Ke7 24. e3 f5 25. Rc6 Rd2 26. Kf1 Kd7 27. b5 Rd6
28. Rc4 Nc5 29. e4 Ke6 30. exf5+ gxf5 31. a5 e4 32. Be2 Ke5 33. axb6 axb6 34.
Rc2 f4 35. gxf4+ Kxf4 36. Ra2 Rh6 37. h5 Rf6 38. Ra7 h6 39. Rc7 Ke5 40. Rc8 e3
41. Re8+ Ne6 42. Bc4 Rxf2+ 43. Ke1 Rf6 44. Ke2 Kd6 45. Bxe6 Rxe6 46. Rg8 Kc5 47.
Rg6 Kd5 48. Rg7 Ke4 49. Rg6 Kf5 50. Rg7 Ke5 51. Rg8 Kd6 52. Rg6 Rxg6 53. hxg6
Ke6 54. Kxe3 Kf6 55. Kd4 h5 56. Kd5 h4 57. Kd6 h3 0-1

[Event "Titled Tue 17th Jun Early"]
[Site "chess.com INT"]
[Date "2025.06.17"]
[Round "2"]
[White "Emujin Enkh-Amgalan"]
[Black "Rahman, Masruri"]
[Result "0-1"]
[WhiteTitle "WCM"]
[BlackTitle "FM"]
[WhiteElo "2022"]
[BlackElo "2407"]
[WhiteFideId "4908023"]
[BlackFideId "7101163"]
[EventDate "2025.06.17"]

1. d4 Nf6 2. c4 e6 3. Nf3 b6 4. g3 Ba6 5. Qa4 Bb7 6. Bg2 c5 7. dxc5 bxc5 8. O-O
Be7 9. Rd1 O-O 10. Nc3 Qb6 11. Bf4 d6 12. Rab1 a5 13. Nb5 Rd8 14. Ng5 Bxg2 15.
Kxg2 h6 16. Nf3 e5 17. Be3 Nc6 18. h3 Nd4 19. Nfxd4 cxd4 20. Bd2 d5 21. e3 dxe3
22. Bxe3 d4 23. Bd2 Ne4 24. Be1 Qc6 25. f3 Ng5 26. Qb3 a4 27. Qd3 f5 28. h4 e4
29. Nxd4 Qb7 30. Qe3 exf3+ 31. Kf1 Ne4 32. Nxf5 Bc5 33. Qf4 f2 34. Bc3 Nxc3 35.
bxc3 Rxd1+ 36. Rxd1 Qh1+ 37. Ke2 Re8+ 38. Ne3 Qb7 39. Kxf2 Bxe3+ 40. Qxe3 Rxe3
41. Kxe3 Qb2 42. Kd4 Qxa2 43. c5 Qf2+ 44. Kd3 Qxc5 45. Ra1 a3 46. g4 Qb5+ 47. c4
Qb2 48. Re1 a2 49. c5 a1=Q 50. Rxa1 Qxa1 51. Kc4 Qa6+ 52. Kd5 Qc8 53. g5 hxg5
54. hxg5 Qf5+ 55. Kd6 Qxg5 56. c6 Qd8+ 57. Ke5 Qc8 58. Kd6 Kf7 59. c7 g5 0-1

[Event "Titled Tue 17th Jun Early"]
[Site "chess.com INT"]
[Date "2025.06.17"]
[Round "2"]
[White "Mora Munoz, Alejandro"]
[Black "Rathbone-Jones, Ifan"]
[Result "1-0"]
[WhiteTitle "FM"]
[BlackTitle "CM"]
[WhiteElo "2147"]
[BlackElo "2208"]
[WhiteFideId "4469844"]
[BlackFideId "1803859"]
[EventDate "2025.06.17"]

1. e4 c5 2. Nf3 d6 3. d4 cxd4 4. Nxd4 Nf6 5. Nc3 g6 6. Be3 a6 7. f3 b5 8. Qd2
Bb7 9. a4 b4 10. Na2 e5 11. Nb3 d5 12. Bg5 Nbd7 13. exd5 Bxd5 14. Nxb4 Bxb3 15.
cxb3 Qb6 16. Nd5 Nxd5 17. Qxd5 Bb4+ 18. Bd2 Bxd2+ 19. Qxd2 Qxb3 20. Ra3 Qe6 21.
Rc3 O-O 22. Bc4 Qe7 23. O-O Nc5 24. b3 Rfd8 25. Qe2 Rac8 26. Re1 Rc6 27. Kh1
Rdc8 28. h3 Nd7 29. Re3 Kg7 30. Bxa6 Rb8 31. Bb5 Rd6 32. Rd1 Rxd1+ 33. Qxd1 Nc5
34. Qd5 f6 35. Rc3 Ne6 36. Rc6 Nd4 37. Rd6 Rb7 38. Bc4 Kh6 39. Kh2 Nxb3 40. Bxb3
Rxb3 41. Rd7 Qb4 42. Qe4 Qxe4 43. fxe4 Rb4 44. Ra7 Rxe4 45. a5 Ra4 46. a6 e4 47.
Kg3 Kg5 48. Ra8 e3 49. Kf3 Ra3 50. a7 f5 51. g3 h5 52. h4+ Kf6 53. Rf8+ Ke5 54.
a8=Q e2+ 55. Kxe2 Rxa8 56. Rxa8 f4 57. Ra5+ Kf6 58. gxf4 1-0

[Event "Titled Tue 17th Jun Early"]
[Site "chess.com INT"]
[Date "2025.06.17"]
[Round "2"]
[White "Estrada Nieto, Julian"]
[Black "Tiitta, Sauli"]
[Result "1-0"]
[WhiteTitle "IM"]
[WhiteElo "2181"]
[BlackElo "2157"]
[WhiteFideId "5101018"]
[BlackFideId "502251"]
[EventDate "2025.06.17"]

1. e4 g5 2. d4 h6 3. Nf3 d6 4. c3 Bg7 5. Bc4 Nc6 6. O-O e5 7. dxe5 Nxe5 8. Nxe5
Bxe5 9. Nd2 Ne7 10. Bb3 Be6 11. Nc4 Qd7 12. Nxe5 dxe5 13. Qe2 Bxb3 14. axb3 Qe6
15. b4 O-O 16. Be3 Ng6 17. g3 Kh7 18. Rfd1 Rg8 19. Qh5 Nf4 20. Bxf4 gxf4 21. Rd5
Rg5 22. Qf3 c6 23. Rd3 a6 24. Kh1 Qh3 25. Qg2 Qxg2+ 26. Kxg2 Rg7 27. Kf3 fxg3
28. hxg3 Rf8 29. Rh1 f5 30. exf5 Rxf5+ 31. Ke2 Rgf7 32. Rh2 Kg6 33. Rd6+ R5f6
34. Rxf6+ Rxf6 35. Ke3 Kg5 36. Ke4 Re6 37. f3 h5 38. Rd2 Re7 39. Rd8 Kh6 40. Rf8
Kg6 41. Rf5 Rd7 42. Rxe5 Rd2 43. Re6+ Kg5 44. Ke3 Rg2 45. Re7 Rxb2 46. Rg7+ Kf5
47. Rxb7 Rb3 48. Kd4 h4 49. gxh4 Kf4 50. Rb6 Kxf3 51. Rxa6 c5+ 52. bxc5 Rb8 53.
Rf6+ Kg4 54. c6 Kxh4 55. Kc5 Kg5 56. Rf1 Kg6 57. c7 Rc8 58. Kc6 Kg7 59. Kd7 1-0

[Event "Titled Tue 17th Jun Early"]
[Site "chess.com INT"]
[Date "2025.06.17"]
[Round "2"]
[White "Puranik, Abhimanyu"]
[Black "Skliarov, Viktor"]
[Result "1/2-1/2"]
[WhiteTitle "GM"]
[BlackTitle "IM"]
[WhiteElo "2622"]
[BlackElo "2334"]
[WhiteFideId "5061245"]
[BlackFideId "14106736"]
[EventDate "2025.06.17"]

1. Nf3 g6 2. g3 Bg7 3. Bg2 Nf6 4. O-O O-O 5. c4 c6 6. b3 Ne4 7. d4 d5 8. Bb2 a5
9. Nc3 Nxc3 10. Bxc3 a4 11. Qd2 Bf5 12. Rfc1 Nd7 13. Bb4 Nf6 14. cxd5 cxd5 15.
Ne5 Ne4 16. Qe1 Re8 17. bxa4 Rxa4 18. a3 f6 19. Nd3 e5 20. dxe5 fxe5 21. Nc5
Nxc5 22. Rxc5 e4 23. Qd1 Rxb4 24. axb4 Bxa1 25. Qxa1 d4 26. Qa2+ Kg7 27. Rd5 Qf6
28. Qd2 d3 29. h3 Re7 30. g4 Be6 31. Rc5 b6 32. g5 Qa1+ 33. Rc1 Qd4 34. e3 Qe5
35. h4 h6 36. gxh6+ Kxh6 37. Rc6 Qa1+ 38. Rc1 Qe5 39. Rc3 Kg7 40. Rc6 Qa1+ 41.
Rc1 Qe5 42. Bf1 Rf7 43. Rc6 Bd5 44. Rxb6 Qf5 45. Rb5 Qg4+ 46. Bg2 Be6 47. Qc3+
Kh7 48. Rb8 Rg7 49. Qd4 Qxh4 50. Rf8 Bf5 51. Qd6 Qg4 52. Qb8 Qd1+ 53. Kh2 Qh5+
54. Kg1 Qd1+ 55. Bf1 Qg4+ 56. Bg2 Qd1+ 1/2-1/2

[Event "Titled Tue 17th Jun Early"]
[Site "chess.com INT"]
[Date "2025.06.17"]
[Round "2"]
[White "Molina Sumoza, Jesus Alberto"]
[Black "Maximov, Dmitry"]
[Result "0-1"]
[WhiteTitle "CM"]
[BlackTitle "GM"]
[WhiteElo "2025"]
[BlackElo "2476"]
[WhiteFideId "3901874"]
[BlackFideId "14105659"]
[EventDate "2025.06.17"]

1. e4 c5 2. Nf3 d6 3. d4 cxd4 4. Nxd4 Nf6 5. Nc3 a6 6. Bg5 Nbd7 7. Bc4 Qb6 8.
Bb3 e6 9. Bxf6 Nxf6 10. Qd2 Bd7 11. O-O-O Rc8 12. Rhe1 Be7 13. f4 O-O 14. f5 e5
15. Nf3 Rxc3 16. Qxc3 Rc8 17. Qe3 Qc7 18. Kb1 a5 19. c3 a4 20. Bc2 b5 21. Rc1
Qb7 22. Bd3 Bc6 23. h3 Nd7 24. g4 Bd8 25. g5 Bb6 26. Qe2 Bc5 27. g6 fxg6 28.
fxg6 h6 29. Nh4 Nf6 30. Nf5 Re8 31. Qf3 Re6 32. Re2 Be8 33. Rg2 Bc6 34. Re1 a3
35. b3 d5 36. Ng3 Qd7 37. Qf5 dxe4 38. Bxe4 Nxe4 39. Qf7+ Qxf7 40. gxf7+ Kxf7
41. Nxe4 Be7 42. Rge2 g5 43. Rf1+ Kg6 44. Kc2 h5 45. c4 bxc4 46. bxc4 Ba4+ 47.
Kd3 Rc6 48. Rc1 Rc8 49. Ke3 Bc6 50. c5 Rf8 51. Rf2 Rd8 52. Rd2 Rf8 53. Rf2 Rb8
54. Rd2 Rb4 55. Nf2 g4 56. Nd3 Bg5+ 57. Ke2 Re4+ 58. Kd1 Bxd2 59. Kxd2 gxh3 60.
Rh1 Rd4 61. Rxh3 e4 62. Kc3 Rxd3+ 63. Rxd3 exd3 64. Kxd3 h4 65. Ke3 Kg5 66. Kf2
Kf4 67. Kg1 Kg3 0-1

[Event "Titled Tue 17th Jun Early"]
[Site "chess.com INT"]
[Date "2025.06.17"]
[Round "2"]
[White "Elsness, Frode"]
[Black "Gales, Randi-Ioan"]
[Result "1-0"]
[WhiteTitle "IM"]
[BlackTitle "CM"]
[WhiteElo "2416"]
[BlackElo "2243"]
[WhiteFideId "1501100"]
[BlackFideId "1285360"]
[EventDate "2025.06.17"]

1. e4 c5 2. Nf3 Nc6 3. Bb5 g5 4. Nxg5 Nf6 5. Bxc6 dxc6 6. d3 Rg8 7. O-O Bg4 8.
f3 Bd7 9. f4 Bg4 10. Qe1 h6 11. Nf3 Bh3 12. Rf2 Ng4 13. Re2 Nf6 14. Qh4 Bg4 15.
Qf2 c4 16. dxc4 Bh3 17. Qe1 e6 18. Be3 Nxe4 19. Nbd2 Bg4 20. Nxe4 Bxf3 21. Rd1
Rxg2+ 22. Rxg2 Qxd1 23. Qxd1 Bxd1 24. Rd2 Bf3 25. Nf6+ Ke7 26. Ng8+ Ke8 27. Kf2
Bh1 28. Rd1 f6 29. Rxh1 Kf7 30. Rg1 Rd8 31. Ke2 h5 32. f5 exf5 33. Nh6+ Ke6 34.
Ng8 Kf7 35. Nh6+ Ke6 36. Kf3 f4 37. Bxf4 Rd4 38. Re1+ Kd7 39. Nf5 Rxc4 40. c3 b5
41. Rd1+ Kc8 42. Bd6 Bxd6 43. Nxd6+ Kc7 44. Nxc4 bxc4 45. Kg3 a6 46. Kh4 a5 47.
Kxh5 a4 48. Kg4 a3 49. bxa3 Kb6 50. h4 Ka5 51. h5 Ka4 52. h6 Kxa3 53. h7 Kxa2
54. h8=Q Kb2 55. Qxf6 c5 56. Qf2+ Kb3 57. Rb1+ Kxc3 58. Rc1+ Kb4 59. Qb2+ Ka5
60. Ra1# 1-0

[Event "Titled Tue 17th Jun Early"]
[Site "chess.com INT"]
[Date "2025.06.17"]
[Round "2"]
[White "Urbina Perez, Juan Antonio"]
[Black "Lorans, Sylvain"]
[Result "1-0"]
[WhiteTitle "FM"]
[BlackTitle "CM"]
[WhiteElo "2221"]
[BlackElo "2155"]
[WhiteFideId "2217368"]
[BlackFideId "605794"]
[EventDate "2025.06.17"]

1. e4 c5 2. Nf3 Nc6 3. Bb5 Nf6 4. Bxc6 dxc6 5. e5 Nd5 6. d3 g6 7. Nbd2 Bg7 8.
O-O O-O 9. h3 Qc7 10. Re1 Nf4 11. Nc4 Ne6 12. c3 Rd8 13. Qe2 b5 14. Ncd2 a5 15.
Ne4 Ba6 16. Be3 Bxe5 17. Nxc5 Nxc5 18. Bxc5 Bd6 19. Bxd6 exd6 20. Qe7 Qxe7 21.
Rxe7 Re8 22. Rae1 Kf8 23. Rxe8+ Rxe8 24. Rxe8+ Kxe8 25. b4 axb4 26. cxb4 Bc8 27.
Kf1 Be6 28. a3 f6 29. Nd4 Kd7 30. Ke2 Bd5 31. f3 Kc7 32. Ke3 Kb6 33. Ne2 c5 34.
g4 Kc6 35. h4 h6 36. f4 g5 37. hxg5 hxg5 38. f5 Kd7 39. Nc3 Bc6 40. Ne2 Ke7 41.
Ng3 Bg2 42. Kf2 Bd5 43. Ke3 Bg2 44. Ne2 Kd7 45. Nc3 Kc6 46. Nd1 Kd5 47. Nc3+ Kc6
48. d4 Bd5 49. dxc5 dxc5 50. Ne2 cxb4 51. axb4 Kd6 52. Nd4 Bc6 53. Ne6 Bd7 54.
Nd4 Kd5 55. Kd3 Be8 56. Ne6 Ke5 57. Nc7 Bd7 58. Ke3 Kd6 59. Na6 1-0